1301 1303 1073 1404 1097 1087 1078 1970 1395 1642 1749 1035 1634 1526 1692 1635 1590 1001 1895 1199 1727 1748 1262 1360 1518 1723 1979 1336 1307 1296 1809 1991 1870 1061 1398 1757 1546 1929 1222 1465 1291 1005 1946 1883 1203 1251 1110 1411 1234 1744 1733 1756 1004 1087 1975 1966 1740 1534 1313 1938 1595 1529 1430 1685 1413 1295 1929 1426 1737 1159 1066 1977 1095 1491 1928 1926 1616 1227 1395 1710 1340 1955 1057 1201 1895 1506 1485 1767 1993 1990 1685 1442 1370 1347 1582 1574 1061 1191 1909 BCNSPRNW ULIB Ver.6.0+V

เปลี่ยนเป็นภาษาไทย

Change to English
 แสดงรายละเอียดบรรณานุกรม
  กลับหน้าหลัก

Brief Record : Get Marc (ISO 2709) : E-mail record : QR code < ปิดหน้าต่าง
LEADER : 00000nam 2200000uu 4500
001    13399121974
003     ULIB
008    020711s2547 th a 000 0 tha d
020    9749164083
060    WM29^bส749ก
110    กรมสุขภาพจิต
245    คู่มือการดำเนินงานสุขภาพจิตในศูนย์สุขภาพจิต /^cกรมสุขภาพจิต
250    พิมพ์ครั้งที่ 2
260    นนทบุรี :^bกรมสุขภาพจิต,^c2547
300    82 หน้า
650    การดำเนินงาน^xสุขภาพจิต
945    ^p0^l0^i13576
945    ^p0^l0^i13577
945    ^p0^l0^i13578
945    ^p0^l0^i13579
999    ^aทศพร เกษรทอง
รายการนี้ยังไม่มีแท็ก
คุณยังไม่ได้ล็อกอิน คุณสามารถมีกิจกรรมร่วมกับเว็บไซต์ได้ แต่ต้องล็อกอินก่อน ::
  ล็อกอิน

รายการสื่อสารสนเทศ

ลำดับที่ ประเภท เลขเรียก/บาร์โค้ด สถานที่ สถานะ
1. วิทยาศาสตร์การแพทย์ และสุขภาพ
วิทยาศาสตร์การแพทย์ และสุขภาพ
WM29 ส749ก ฉ.1 
  Barcode: 13576
ห้องสมุดวิทยาเขตสวรรค์ประชารักษ์
►หนังสือทั่วไป
บนชั้น
2. วิทยาศาสตร์การแพทย์ และสุขภาพ
วิทยาศาสตร์การแพทย์ และสุขภาพ
WM29 ส749ก ฉ.2 
  Barcode: 13577
ห้องสมุดวิทยาเขตสวรรค์ประชารักษ์
►หนังสือทั่วไป
บนชั้น
3. วิทยาศาสตร์การแพทย์ และสุขภาพ
วิทยาศาสตร์การแพทย์ และสุขภาพ
WM29 ส749ก ฉ.3 
  Barcode: 13578
ห้องสมุดวิทยาเขตสวรรค์ประชารักษ์
►หนังสือทั่วไป
บนชั้น
4. วิทยาศาสตร์การแพทย์ และสุขภาพ
วิทยาศาสตร์การแพทย์ และสุขภาพ
WM29 ส749ก ฉ.4 
  Barcode: 13579
ห้องสมุดวิทยาเขตสวรรค์ประชารักษ์
►หนังสือทั่วไป
บนชั้น

BibComment


ยังไม่เคยถูกคอมเมนท์

คอมเมนท์ทรัพยากรรายการนี้
  คอมเมนท์: คู่มือการดำเนินงา..


 Copyright 2026. Bcnsprnw @Library